000 00812nab a2200253 u 4500
001 14448
003 HDC
007 cr bn ---aaaaa
008 210215c mydr|nes 0 a may d
040 _aHDC
100 _aNizam Hamid
_eauthor
_915030
245 0 _aMalaysia pelawa pelabur Jepun /
_cby Nizam Hamid
260 _aMalaysia:
_bUtusan Malaysia,
_c2015
336 _atext
_2rdacontent
337 _acomputer
_2rdamedia
338 _aonline resource
_2rdacarrier
650 _ahalal industry
_9144
650 _aislamic finance
_9181
710 _aUtusan Malaysia
856 _zRequest full-text at [email protected]
942 _2lcc
942 _cNEWS
942 _kNSWC 004599
999 _c11764
_d11764